Lord of the Rings Character Minefield Quiz Stats

 Plays Quiz Updated Oct 9, 2018

Challenge
Share
Tweet
Embed
Score 0/26 Timer 05:00
4 Plays Today
# Character % Correct
1???
94%
2???
89.5%
3???
89.2%
4???
85.1%
10???
81%
5???
80.5%
6???
79.1%
8???
77.8%
16???
68.7%
13???
65.3%
9???
61.5%
12???
60.9%
7???
57.1%
# Character % Correct
11???
53%
18???
49.7%
15???
42.4%
21???
41%
24???
36.3%
14???
34.5%
17???
28.2%
19???
24.8%
Mine???
22.1%
20???
14.8%
23???
11.5%
25???
5.6%
22???
4.1%

You're not logged in!

Compare scores with friends on all Sporcle quizzes.
OR
Log In

You Might Also Like...

Show Comments

Extras

Top Quizzes Today


Score Distribution

Your Account Isn't Verified!

In order to create a playlist on Sporcle, you need to verify the email address you used during registration. Go to your Sporcle Settings to finish the process.

Report this User

Report this user for behavior that violates our Community Guidelines.

Details: